LABOUR LAW IN GERMANY (Record no. 10212)
[ view plain ]
| 000 -LEADER | |
|---|---|
| fixed length control field | 00306nam a22001337a 4500 |
| 003 - CONTROL NUMBER IDENTIFIER | |
| control field | SGT |
| 082 ## - DEWEY DECIMAL CLASSIFICATION NUMBER | |
| Classification number | 344,HAL |
| 100 ## - MAIN ENTRY--PERSONAL NAME | |
| Personal name | HALBACH, GUNTER |
| 245 ## - TITLE STATEMENT | |
| Title | LABOUR LAW IN GERMANY |
| 260 ## - PUBLICATION, DISTRIBUTION, ETC. (IMPRINT) | |
| Name of publisher, distributor, etc | PUBLISHHED BY THE FEDERAL MINISTRY FOR LABOUR AFFAIRS |
| 300 ## - PAGE DESCRIPTION | |
| No. of Pages | 582 |
| 650 ## - SUBJECT ADDED ENTRY--TOPICAL TERM | |
| Topical term or geographic name as entry element | LABOUR LAW |
| 942 ## - ADDED ENTRY ELEMENTS (KOHA) | |
| Source of classification or shelving scheme | Dewey Decimal Classification |
| Koha item type | Books |
| Withdrawn status | Lost status | Source of classification or shelving scheme | Damaged status | Not for loan | Collection code | Home library | Current library | Shelving location | Date acquired | Vendor Name | SGTU | Full call number | Accession No. (Barcode) | Date last seen | Bill Date | Koha item type |
|---|---|---|---|---|---|---|---|---|---|---|---|---|---|---|---|---|
| Dewey Decimal Classification | Not For Loan | LAW | SGT Science & Social Sciences Library | SGT Science & Social Sciences Library | Reference Book | 14/12/2016 | GIFT | SGTU | 344,HAL | FL884 | 14/12/2016 | 14/12/2016 | Books |